| 000 | 00322nam a2200121Ia 4500 | ||
|---|---|---|---|
| 008 | 190216s9999||||xx |||||||||||||| ||und|| | ||
| 100 | _a"Narula G K,Narula Ks & Gupta V K" | ||
| 245 | 0 | _aMaterials Science | |
| 260 |
_bTata Mcgraw Hill Publishing Company Ltd _c1999 |
||
| 300 | _a391 | ||
| 650 | _aPhysics | ||
| 942 | _cBK | ||
| 999 |
_c33116 _d33116 |
||